00877nam a2200217 a 450000100100000000500170001000800410002702000180006804000250008610000400011124501070015125000290025826000380028730000230032549000270034850000700037570000580044583000340050395201050053799900170064200004056220201002034221.0130902s2008 sp 000 0 spa d a9788496045521 aDO-SdBNPbspacBNPHU1 aGonzález Freire, Natividad96688510aDescubriendo a Fidel Castro / :bNatividad González Freire ; prólogo de Guillermo Cabrera Infante. a3a. ed. rev. y aumentada aMadrid :bEditora Pliegos,c2008. a486 p. ; :b21 cm.1 aPliegos de testimonios aIncluye datos biográficos del autor en la solapa de la cubierta1 aCabrera Infante, Guillermoepról.d1929-2005914776 0aPliegos de testimonios966886 001050718MOaGRbGRcCTd2013-09-02iLF1l0o p40562-10r2020-06-25w2020-06-25y1ZNo se presta c40052d40052